Loading...
| Science - Other | 0 | 8 | 0 | 2 | 80 | 80 | 102.50 | 0 | 3 | 10.35 | 29.91 |
| Science - Physics | 0 | 6 | 1 | 3 | 55 | 116 | 130.50 | 0 | 0 | 0.95 | 9.46 |
| Science - Chemistry | 0 | 5 | 1 | 1 | 45 | 99 | 111.00 | 0 | 0 | 4.26 | 17.73 |
| Science - Biology | 0 | 3 | 0 | 2 | 30 | 126 | 131.33 | 0 | 0 | -0.09 | 2.80 |
| Social Science | 0 | 1 | 0 | 0 | 10 | 111 | 111.00 | 0 | 0 | 0.66 | 2.21 |
| Other Academic | 0 | 1 | 0 | 0 | 10 | 80 | 80.00 | 0 | 1 | 4.58 | 10.63 |
| Philosophy | 0 | 1 | 0 | 0 | 10 | 113 | 113.00 | 0 | 0 | 0.56 | 2.24 |
| Current Events | 0 | 1 | 0 | 0 | 10 | 100 | 100.00 | 0 | 0 | 2.37 | 7.08 |
| Literature - European | 0 | 1 | 1 | 0 | 5 | 108 | 108.00 | 0 | 0 | 1.31 | 1.86 |